|
|
|
|
| LEADER |
01287nam a2200325 a 4500 |
| 001 |
16593897 |
| 008 |
120627s2010 caua 001 0 eng |
| 010 |
|
|
|a 2010284509
|
| 020 |
|
|
|a 9780735638877 (pbk.)
|
| 020 |
|
|
|a 073563887X (pbk.)
|
| 040 |
|
|
|a UKM
|c UKM
|d ZPX
|d YDXCP
|d CPL
|d C#P
|d MNW
|d BWX
|d DLC
|d BD-DhAAL
|
| 042 |
|
|
|a lccopycat
|
| 050 |
0 |
0 |
|a QA76.575
|b .M66433 2010
|
| 082 |
0 |
4 |
|a 006.7
|2 22
|
| 100 |
1 |
|
|a Moroney, Laurence.
|
| 245 |
1 |
0 |
|a Microsoft Silverlight 4 step by step /
|c Laurence Moroney.
|
| 246 |
3 |
0 |
|a Silverlight 4 step by step
|
| 260 |
|
|
|a Sebastopol, CA :
|b O'Reilly Media,
|c c2010.
|
| 300 |
|
|
|a xviii, 306 p. :
|b ill. ;
|c 23 cm. +
|e 1 CD-ROM (4 3/4 in.).
|
| 500 |
|
|
|a Includes index.
|
| 500 |
|
|
|a "CD[-ROM] features: practice exercises, code sample; fully searchable eBook"--P. [4] of cover.
|
| 541 |
|
|
|e 00025501
|
| 630 |
0 |
0 |
|a Silverlight (Electronic resource)
|
| 650 |
|
0 |
|a Multimedia systems.
|
| 650 |
|
0 |
|a Web sites
|x Design.
|
| 650 |
|
0 |
|a Application software
|x Development.
|
| 650 |
|
0 |
|a Web site development
|x Computer programs.
|
| 852 |
1 |
|
|a Ayesha Abed Library
|c General shelf.
|
| 999 |
|
|
|c 12433
|d 12433
|
| 952 |
|
|
|0 0
|1 0
|2 ddc
|4 0
|6 006_700000000000000_MOR
|7 0
|9 20569
|a BRACUL
|b BRACUL
|c GEN
|d 2012-06-27
|g 530.00
|l 0
|o 006.7 MOR
|p 3010025501
|r 2012-06-27
|t 1
|w 2012-06-27
|y BK
|